000 00591nam a2200229Ia 4500
003 OSt
005 20220916111033.0
006 a|||||r|||| 00| 0
007 ta
008 220915b |||||||| |||| 00| 0 eng d
024 _a124655
037 _cTextbook
040 _beng
_aARTS
_cARTS
041 _aeng
082 _aV672:1:N3, F9-;1
100 _aMontell C
245 0 _aLes empires du mali : Etude d' Historie et de socialogie Soundanaises
260 _c1929
650 _aHISTORY
942 _hV672:1:N3, F9-;1
_cTB
_2CC
999 _c104127
_d104127